000 00419nam a2200157Ia 4500
005 20250304094623.0
008 231217s9999 xx 000 0 und d
020 _a9788131419311
082 _a658.8 DEV;1 R
100 _aDevi, R J ed.
245 0 _aMarketing intelligence : concepts and cases
260 _c2008
_bICFAI Press
_aHyderabad
300 _avii, 221
650 _aMarketing,intelligence
942 _cAA
999 _c190650
_d190650